000 00379pab a2200145 454500
008 180718b2006 xxu||||| |||| 00| 0 eng d
100 _aInamete, Ufot B.
245 _aThe academic discipline of management and homeland security
260 _c2006
300 _ap.197-222.
362 _aJan
650 _aState security
773 _aReview of Policy Research
909 _a70885
999 _c70885
_d70885